Catálogo
 En Linea

Investidura de los primeros bachilleres en ciencias agrícolas 1927 / (Registro nro. 28662)

Detalles MARC
000 -CABECERA
campo de control de longitud fija 00827nam a2200217 a 4500
001 - NÚMERO DE CONTROL
campo de control 000029170
003 - IDENTIFICADOR DEL NÚMERO DE CONTROL
campo de control OSt
005 - FECHA Y HORA DE LA ÚLTIMA TRANSACCIÓN
campo de control 20210205103813.0
008 - DATOS DE LONGITUD FIJA--INFORMACIÓN GENERAL
campo de control de longitud fija 110414s1927 dr ac r 000 0 spa d
040 ## - FUENTE DE LA CATALOGACIÓN
Centro catalogador/agencia de origen DO-SdBNP
Lengua de catalogación spa
Centro/agencia transcriptor BNPHU
082 #4 - NÚMERO DE LA CLASIFICACIÓN DECIMAL DEWEY
Número de clasificación 630.7
Número de documento/Ítem R462c
110 1# - ENTRADA PRINCIPAL--NOMBRE DE ENTIDAD CORPORATIVA
Nombre de entidad corporativa o nombre de jurisdicción como elemento de entrada República Dominicana.
Unidad subordinada Colegio de Agricultura.
9 (RLIN) 56088
245 10 - MENCIÓN DE TÍTULO
Título Investidura de los primeros bachilleres en ciencias agrícolas 1927 /
Mención de responsabilidad, etc. editor Virgilio Montalvo Cabral.
260 ## - PUBLICACIÓN, DISTRIBUCIÓN, ETC.
Lugar de publicación, distribución, etc. Santo Domingo :
Nombre del editor, distribuidor, etc. Secretaría de Estado de Agricultura e Inmigración,
Fecha de publicación, distribución, etc. 1927.
300 ## - DESCRIPCIÓN FÍSICA
Extensión 47 p. :
Otras características físicas il., retrs. ;
Dimensiones 23 cm.
500 ## - NOTA GENERAL
Nota general A la cabeza del titulo: Colegio de Agricultura
590 ## - NOTA LOCAL (RLIN)
Nota local Inventariado, 2018/LP
650 #4 - PUNTO DE ACCESO ADICIONAL DE MATERIA--TÉRMINO DE MATERIA
Término de materia o nombre geográfico como elemento de entrada Agricultura
Subdivisión general Enseñanza
Subdivisión geográfica República Dominicana
9 (RLIN) 77157
700 1# - PUNTO DE ACCESO ADICIONAL--NOMBRE DE PERSONA
Nombre de persona Montalvo Cabral, Virgilio,
Término indicativo de función/relación ed.
9 (RLIN) 56089
942 ## - ELEMENTOS DE PUNTO DE ACCESO ADICIONAL (KOHA)
Fuente del sistema de clasificación o colocación Dewey Decimal Classification
Tipo de ítem Koha Libro
Existencias
Estado de retiro Estado de pérdida Fuente del sistema de clasificación o colocación No para préstamo Código de colección Localización permanente Ubicación/localización actual Ubicación en estantería Fecha de adquisición Número de inventario Total de préstamos Signatura topográfica completa Código de barras Fecha visto por última vez Precio válido a partir de Tipo de ítem Koha Nota pública Número de copia
  Extraviado Dewey Decimal Classification   Raros y valiosos Patrimonio Dominicano Patrimonio Dominicano Depósito 14.04.2011 LF1   xxxx R462c 29170-10 25.06.2020 25.06.2020 Préstamo en sala Perteneció a la biblioteca personal de Carlos Larrazábal Blanco.  
    Dewey Decimal Classification Excluido de préstamo Raros y valiosos Patrimonio Dominicano Patrimonio Dominicano Depósito 24.08.2018 LF1   630.7 R462c 29170-20 25.06.2020 25.06.2020 No se presta   e.2

Con tecnología Koha